|
|
|
|
| LEADER |
00000nkmaa2200000 a 4500 |
| 001 |
vtls011769989 |
| 003 |
SK-MaSNL |
| 005 |
20260331211343.0 |
| 007 |
kh bo |
| 008 |
230802n xo | |||0 k|slo |
| 035 |
|
|
|a urn:nbn:sk:snk-km00eis1
|
| 035 |
|
|
|a urn:nbn:sk:snk-km45wp6
|
| 035 |
|
|
|a D42140CF-17D7-43C8-85A0-9011E17CE3E3
|
| 040 |
|
|
|a SNKLA
|b slo
|c SNKLA
|e AACR2
|
| 041 |
0 |
|
|a slo
|
| 044 |
|
|
|a xo
|c SK
|
| 100 |
1 |
|
|a Orlovský, Dezider
|4 pht
|9 266024
|
| 245 |
1 |
0 |
|a [Dom bývania a úmrtia Janka Jesenského v Bratislave]
|h grafika
|
| 260 |
|
|
|a [S.l.
|b s.n.
|c s.a.]
|
| 300 |
|
|
|a 1 fotografia
|b čb
|c 14 x 12 cm
|
| 520 |
2 |
|
|a Zobrazenie: Pohľad na budovu Múzea Janka Jesenského, ktoré sa nachádza v dome, v ktorom býval a zomrel.
|
| 600 |
1 |
7 |
|a Jesenský, Janko,
|d 1874-1945
|2 SNKMA
|9 185488
|
| 610 |
2 |
7 |
|a Múzeum Janka Jesenského
|2 SNKLA
|9 237423
|
| 650 |
0 |
7 |
|a domy bývania
|2 SNKLA
|9 341137
|
| 650 |
0 |
7 |
|a múzeá
|2 SNKPH
|9 4119
|
| 651 |
|
7 |
|a Bratislava (Slovensko)
|2 SNKPH
|9 14568
|
| 655 |
|
7 |
|a fotografie
|2 SNKPH
|9 70713
|
| 852 |
7 |
|
|a Slovenská národná knižnica v Martine
|b Literárny archív
|
| 958 |
|
|
|a ZO
|
| 958 |
|
|
|a BLA
|
| 999 |
|
|
|c 857068
|d 858998
|
| 952 |
|
|
|a SNKLA
|b SNKLA
|c SNKLA_DEP
|y NEVYP
|7 0
|p 17A1226969
|o snkK 6/133
|i snkLA 2515/1965
|0 0
|1 0
|4 0
|d 2018-08-01
|f 1
|l 0
|r 2026-02-24 05:00:42
|w 2026-02-24
|